Longest Rivers in Kentucky - Statistics

General Stats
  • This quiz has been taken 30 times
  • The average score is 6 of 10
Answer Stats
Length (mi) Answer % Correct
981 Ohio River
100%
2,320 Mississippi River
96%
260 Kentucky River
89%
652 Tennessee River
82%
688 Cumberland River
79%
384 Green River
64%
303 Licking River
36%
159 Tug Fork
25%
164 Levisa Fork
14%
168 North Fork
11%
No matching quizzes found
Score Distribution
Percent of People with Each Score
Percentile by Number Answered
Your Score History
You have not taken this quiz